[Event "GER CM04-A email"]
[Site "GER email"]
[Date "2017.06.26"]
[Round "?"]
[White "Adelseck, Herbert"]
[Black "Schulz, Guenter"]
[Result "0-1"]
[WhiteElo "2396"]
[BlackElo "2403"]
[PlyCount "90"]
[EventDate "2017.??.??"]
[EventType "tourn (corr)"]
[EventRounds "10"]
[EventCountry "GER"]
[SourceTitle "Corr 2020"]
[Source "ChessBase"]
[SourceDate "2019.09.30"]
[SourceVersion "1"]
[SourceVersionDate "2019.09.30"]
[SourceQuality "1"]

1. d4 Nf6 2. c4 g6 3. f3 d5 4. cxd5 Nxd5 5. e4 Nb6 6. Nc3 Bg7 7. Be3 0-0 8. Qd2 Nc6 9. 0-0-0 Qd6 10. Kb1 Rd8 11. Nb5 Qd7 12. d5 a6 13. Nc3 Qe8 14. Qc1 Na5 15. Bh6 Bxh6 16. Qxh6 Qf8 17. Qxf8+ Kxf8 18. Nge2 c6 19. b3 cxd5 20. exd5 e6 21. d6 Nd7 22. h4 b5 23. h5 Kg8 24. Rh4 g5 25. Rhd4 h6 26. f4 Bb7 27. fxg5 hxg5 28. Re1 Nc6 29. Rd2 Kg7 30. Ng3 Nce5 31. a4 bxa4 32. Nxa4 Rab8 33. Ka2 Rdc8 34. Nb6 Rc3 35. Nxd7 Nxd7 36. Ne2 Re3 37. Rc1 Nf6 38. Nc3 Rd8 39. Kb2 Nxh5 40. Ra1 Nf4 41. d7 Nd5 42. Bxa6 Rxd7 43. Bb5 Rc7 44. Ne2 Rc5 45. Nd4 Nf4 0-1